[Event "DEM U18 2024"]
[Site "Willingen GER"]
[Date "2024.05.25"]
[Round "9"]
[White "Eilenberg, Jonas"]
[Black "Bilovil, Bogdan"]
[Result "1/2-1/2"]
[Termination "normal"]
[Board "1"]
[WhiteTitle "FM"]
[BlackTitle "FM"]
[WhiteElo "2296"]
[BlackElo "2429"]
[WhiteClock "00:17:09"]
[BlackClock "00:22:13"]
[PlyCount "52"]
[WhiteFideId "16204271"]
[BlackFideId "14168766"]
[EventCountry "GER"]
[EventRounds "9"]
[EventType "swiss"]
[EventDate "2024.05.18"]

1. d4 {[%clk 01:30:56]} {[%emt 00:00:03]} Nf6 {[%clk 01:30:51]} {[%emt
00:00:09]} 2. c4 {[%clk 01:31:20]} {[%emt 00:00:07]} e6 {[%clk 01:31:07]}
{[%emt 00:00:13]} 3. Nc3 {[%clk 01:31:38]} {[%emt 00:00:12]} Bb4 {[%clk
01:31:17]} {[%emt 00:00:19]} 4. e3 {[%clk 01:31:46]} {[%emt 00:00:24]} O-O
{[%clk 01:31:05]} {[%emt 00:00:41]} 5. Bd3 {[%clk 01:31:59]} {[%emt 00:00:18]}
Re8 {[%clk 01:30:56]} {[%emt 00:00:39]} 6. Nge2 {[%clk 01:29:46]} {[%emt
00:02:42]} d5 {[%clk 01:30:50]} {[%emt 00:00:37]} 7. cxd5 {[%clk 01:28:36]}
{[%emt 00:01:41]} exd5 {[%clk 01:30:56]} {[%emt 00:00:23]} 8. O-O {[%clk
01:28:09]} {[%emt 00:00:56]} Bf8 {[%clk 01:26:39]} {[%emt 00:04:47]} 9. Ng3
{[%clk 01:24:53]} {[%emt 00:03:47]} c5 {[%clk 01:17:18]} {[%emt 00:09:50]} 10.
dxc5 {[%clk 01:18:47]} {[%emt 00:06:37]} Bxc5 {[%clk 01:17:10]} {[%emt
00:00:38]} 11. Na4 {[%clk 01:15:37]} {[%emt 00:03:40]} Bf8 {[%clk 01:16:01]}
{[%emt 00:01:38]} 12. Bd2 {[%clk 01:14:41]} {[%emt 00:01:26]} Nc6 {[%clk
01:14:47]} {[%emt 00:01:43]} 13. Rc1 {[%clk 01:11:51]} {[%emt 00:03:21]} d4
{[%clk 01:04:56]} {[%emt 00:10:21]} 14. e4 {[%clk 00:55:34]} {[%emt 00:16:48]}
Ne5 {[%clk 01:03:51]} {[%emt 00:01:35]} 15. Bf4 {[%clk 00:54:04]} {[%emt
00:01:59]} Bd7 {[%clk 00:54:05]} {[%emt 00:10:16]} 16. Nc5 {[%clk 00:48:48]}
{[%emt 00:05:46]} Nxd3 {[%clk 00:51:19]} {[%emt 00:03:16]} 17. Qxd3 {[%clk
00:46:16]} {[%emt 00:03:03]} Bc6 {[%clk 00:50:08]} {[%emt 00:01:40]} 18. f3
{[%clk 00:43:30]} {[%emt 00:03:16]} a6 {[%clk 00:35:53]} {[%emt 00:14:45]} 19.
Rfd1 {[%clk 00:33:33]} {[%emt 00:10:27]} Qa5 {[%clk 00:34:24]} {[%emt
00:01:58]} 20. Bd2 {[%clk 00:29:42]} {[%emt 00:04:22]} Qxa2 {[%clk 00:33:56]}
{[%emt 00:00:58]} 21. Ra1 {[%clk 00:28:49]} {[%emt 00:01:23]} Qxb2 {[%clk
00:34:14]} {[%emt 00:00:12]} 22. Rab1 {[%clk 00:26:10]} {[%emt 00:03:10]} Qa2
{[%clk 00:34:35]} {[%emt 00:00:08]} 23. Ra1 {[%clk 00:26:39]} {[%emt 00:00:02]}
Qxa1 {[%clk 00:32:42]} {[%emt 00:02:22]} 24. Rxa1 {[%clk 00:27:08]} {[%emt
00:00:01]} Bxc5 {[%clk 00:33:11]} {[%emt 00:00:02]} 25. Qc4 {[%clk 00:21:42]}
{[%emt 00:05:55]} b6 {[%emt 00:03:14]} 26. Nf5 {[%clk 00:17:09]} {[%emt
00:05:00]} Rad8 {[%clk 00:22:13]} {[%emt 00:08:47]} 1/2-1/2

[Event "DEM U18 2024"]
[Site "Willingen GER"]
[Date "2024.05.25"]
[Round "9"]
[White "Petrovskiy, Vadim"]
[Black "Sidletskyi, Ivan"]
[Result "1-0"]
[Termination "normal"]
[Board "2"]
[WhiteTitle "IM"]
[BlackTitle "FM"]
[WhiteElo "2424"]
[BlackElo "2346"]
[WhiteClock "00:23:45"]
[BlackClock "00:33:39"]
[PlyCount "105"]
[WhiteFideId "14165210"]
[BlackFideId "14156024"]
[EventCountry "GER"]
[EventRounds "9"]
[EventType "swiss"]
[EventDate "2024.05.18"]

1. d4 {[%clk 01:30:54]} {[%emt 00:00:05]} Nf6 {[%clk 01:30:21]} {[%emt
00:00:40]} 2. c4 {[%clk 01:31:06]} {[%emt 00:00:19]} e6 {[%clk 01:30:19]}
{[%emt 00:00:32]} 3. Nf3 {[%clk 01:31:04]} {[%emt 00:00:32]} d5 {[%clk
01:30:41]} {[%emt 00:00:07]} 4. Nc3 {[%clk 01:31:17]} {[%emt 00:00:17]} h6
{[%clk 01:28:01]} {[%emt 00:03:10]} 5. Bf4 {[%clk 01:26:48]} {[%emt 00:04:58]}
Nc6 {[%clk 01:26:30]} {[%emt 00:02:02]} 6. e3 {[%clk 01:23:16]} {[%emt
00:04:02]} Bd6 {[%clk 01:25:55]} {[%emt 00:01:05]} 7. cxd5 {[%clk 01:02:26]}
{[%emt 00:21:20]} exd5 {[%clk 01:17:54]} {[%emt 00:08:31]} 8. Ne5 {[%clk
01:02:04]} {[%emt 00:00:52]} O-O {[%clk 01:15:05]} {[%emt 00:03:19]} 9. Bd3
{[%clk 00:58:26]} {[%emt 00:04:07]} Qe8 {[%clk 01:06:07]} {[%emt 00:09:28]} 10.
Nb5 {[%clk 00:49:42]} {[%emt 00:09:15]} Nxe5 {[%clk 00:59:21]} {[%emt
00:07:16]} 11. dxe5 {[%clk 00:50:03]} {[%emt 00:00:09]} Bxe5 {[%clk 00:59:44]}
{[%emt 00:00:07]} 12. Nxc7 {[%clk 00:50:25]} {[%emt 00:00:08]} Bxc7 {[%clk
00:59:57]} {[%emt 00:00:16]} 13. Bxc7 {[%clk 00:50:53]} {[%emt 00:00:02]} Qe7
{[%clk 00:50:37]} {[%emt 00:09:50]} 14. Bf4 {[%clk 00:34:36]} {[%emt 00:16:48]}
Bg4 {[%clk 00:50:26]} {[%emt 00:00:41]} 15. Qa4 {[%clk 00:30:43]} {[%emt
00:04:22]} d4 {[%clk 00:47:24]} {[%emt 00:03:33]} 16. O-O {[%clk 00:30:14]}
{[%emt 00:00:59]} dxe3 {[%clk 00:47:22]} {[%emt 00:00:31]} 17. Bxe3 {[%clk
00:30:32]} {[%emt 00:00:12]} Rfd8 {[%clk 00:45:51]} {[%emt 00:02:01]} 18. Bc2
{[%clk 00:30:11]} {[%emt 00:00:52]} Qe5 {[%clk 00:38:39]} {[%emt 00:07:42]} 19.
Rab1 {[%clk 00:22:55]} {[%emt 00:07:45]} Rac8 {[%clk 00:37:26]} {[%emt
00:01:43]} 20. Rfc1 {[%clk 00:22:39]} {[%emt 00:00:46]} Be6 {[%clk 00:30:59]}
{[%emt 00:06:57]} 21. h3 {[%clk 00:13:19]} {[%emt 00:09:51]} b5 {[%clk
00:17:20]} {[%emt 00:14:10]} 22. Qxa7 {[%clk 00:07:32]} {[%emt 00:06:16]} Rd7
{[%clk 00:15:25]} {[%emt 00:02:25]} 23. Qa5 {[%clk 00:06:49]} {[%emt 00:01:11]}
Bd5 {[%clk 00:04:53]} {[%emt 00:11:04]} 24. Bd3 {[%clk 00:05:49]} {[%emt
00:01:30]} Rb8 {[%clk 00:02:28]} {[%emt 00:02:54]} 25. Qb4 {[%clk 00:05:46]}
{[%emt 00:00:34]} Bxa2 {[%clk 00:00:37]} {[%emt 00:02:22]} 26. Bf4 {[%clk
00:05:31]} {[%emt 00:00:45]} Nd5 {[%clk 00:00:42]} {[%emt 00:00:25]} 27. Bxe5
{[%clk 00:05:45]} {[%emt 00:00:16]} Nxb4 {[%clk 00:01:07]} {[%emt 00:00:04]}
28. Bxb8 {[%clk 00:05:54]} {[%emt 00:00:20]} Nxd3 {[%clk 00:01:23]} {[%emt
00:00:14]} 29. Rc8+ {[%clk 00:06:18]} {[%emt 00:00:07]} Kh7 {[%clk 00:01:50]}
{[%emt 00:00:03]} 30. Rd1 {[%clk 00:05:55]} {[%emt 00:00:52]} Be6 {[%clk
00:02:02]} {[%emt 00:00:19]} 31. Rf8 {[%clk 00:04:28]} {[%emt 00:01:57]} Kg6
{[%clk 00:01:09]} {[%emt 00:01:22]} 32. Rd2 {[%clk 00:04:51]} {[%emt 00:00:07]}
b4 {[%clk 00:00:37]} {[%emt 00:01:03]} 33. Bg3 {[%clk 00:05:04]} {[%emt
00:00:17]} b3 {[%clk 00:00:38]} {[%emt 00:00:29]} 34. Rb8 {[%clk 00:04:59]}
{[%emt 00:00:35]} h5 {[%clk 00:00:37]} {[%emt 00:00:31]} 35. Rb6 {[%clk
00:04:54]} {[%emt 00:00:34]} Nc5 {[%clk 00:00:39]} {[%emt 00:00:29]} 36. Rxd7
{[%clk 00:05:10]} {[%emt 00:00:15]} Nxd7 {[%clk 00:01:07]} {[%emt 00:00:01]}
37. Rb5 {[%clk 00:05:25]} {[%emt 00:00:13]} Bc4 {[%clk 00:01:10]} {[%emt
00:00:29]} 38. Rb4 {[%clk 00:05:44]} {[%emt 00:00:11]} Be6 {[%clk 00:01:30]}
{[%emt 00:00:10]} 39. Bd6 {[%clk 00:05:56]} {[%emt 00:00:18]} Nf6 {[%clk
00:00:39]} {[%emt 00:01:21]} 40. Be5 {[%clk 00:06:20]} {[%emt 00:00:05]} Nd7
{[%clk 00:00:48]} {[%emt 00:00:22]} 41. Bd4 {[%clk 00:03:55]} {[%emt 00:02:54]}
Kf5 {[%clk 00:01:06]} {[%emt 00:00:12]} 42. Bxg7 {[%clk 00:23:43]} {[%emt
00:10:42]} f6 {[%clk 00:31:35]} {[%emt 00:00:02]} 43. Bh6 {[%clk 00:24:04]}
{[%emt 00:00:08]} Ne5 {[%clk 00:32:01]} {[%emt 00:00:04]} 44. Bd2 {[%clk
00:24:24]} {[%emt 00:00:11]} Nd3 {[%clk 00:31:56]} {[%emt 00:00:34]} 45. Rb5+
{[%clk 00:24:48]} {[%emt 00:00:06]} Ke4 {[%clk 00:32:21]} {[%emt 00:00:05]} 46.
f3+ {[%clk 00:24:15]} {[%emt 00:01:03]} Kd4 {[%clk 00:32:47]} {[%emt 00:00:04]}
47. Bc3+ {[%clk 00:24:39]} {[%emt 00:00:07]} Ke3 {[%clk 00:33:02]} {[%emt
00:00:15]} 48. Rxh5 {[%clk 00:24:03]} {[%emt 00:01:06]} f5 {[%clk 00:32:44]}
{[%emt 00:00:47]} 49. Rh7 {[%clk 00:23:41]} {[%emt 00:00:52]} Nf4 {[%clk
00:33:01]} {[%emt 00:00:13]} 50. Be5 {[%clk 00:22:38]} {[%emt 00:01:33]} Ne2+
{[%clk 00:33:01]} {[%emt 00:00:31]} 51. Kh2 {[%clk 00:23:00]} {[%emt 00:00:08]}
Kd3 {[%clk 00:33:26]} {[%emt 00:00:05]} 52. Rc7 {[%clk 00:23:21]} {[%emt
00:00:09]} Bc4 {[%clk 00:33:39]} {[%emt 00:00:16]} 53. h4 {[%clk 00:23:45]}
{[%emt 00:00:07]} 1-0

[Event "DEM U18 2024"]
[Site "Willingen GER"]
[Date "2024.05.25"]
[Round "9"]
[White "Weidenhöfer, Max"]
[Black "Vortmeier, Jan"]
[Result "1-0"]
[Termination "normal"]
[Board "3"]
[WhiteElo "2108"]
[BlackElo "2082"]
[WhiteClock "00:12:26"]
[BlackClock "00:22:55"]
[PlyCount "67"]
[WhiteFideId "16230566"]
[BlackFideId "16261321"]
[EventCountry "GER"]
[EventRounds "9"]
[EventType "swiss"]
[EventDate "2024.05.18"]

1. e4 {[%clk 01:30:58]} {[%emt 00:00:02]} g6 {[%clk 01:30:55]} {[%emt
00:00:05]} 2. d4 {[%clk 01:30:13]} {[%emt 00:01:15]} Bg7 {[%clk 01:31:17]}
{[%emt 00:00:08]} 3. Nc3 {[%clk 01:26:32]} {[%emt 00:04:12]} d6 {[%clk
01:31:40]} {[%emt 00:00:06]} 4. f4 {[%clk 01:24:11]} {[%emt 00:02:51]} e6
{[%clk 01:32:01]} {[%emt 00:00:09]} 5. Nf3 {[%clk 01:23:21]} {[%emt 00:01:20]}
Ne7 {[%clk 01:31:43]} {[%emt 00:00:49]} 6. Be3 {[%clk 01:20:00]} {[%emt
00:03:50]} Nd7 {[%clk 01:31:25]} {[%emt 00:00:48]} 7. Bd3 {[%clk 01:17:46]}
{[%emt 00:02:44]} a6 {[%clk 01:28:57]} {[%emt 00:02:59]} 8. a4 {[%clk
01:15:15]} {[%emt 00:03:01]} b6 {[%clk 01:27:53]} {[%emt 00:01:34]} 9. O-O
{[%clk 01:13:00]} {[%emt 00:02:43]} O-O {[%clk 01:26:05]} {[%emt 00:02:18]} 10.
Qe1 {[%clk 01:03:50]} {[%emt 00:09:41]} c5 {[%clk 01:21:17]} {[%emt 00:05:18]}
11. Qh4 {[%clk 00:58:41]} {[%emt 00:05:38]} Nc6 {[%clk 01:16:36]} {[%emt
00:05:12]} 12. Qxd8 {[%clk 00:53:16]} {[%emt 00:05:55]} Rxd8 {[%clk 01:16:34]}
{[%emt 00:00:31]} 13. d5 {[%clk 00:48:34]} {[%emt 00:05:13]} Nb4 {[%clk
01:15:00]} {[%emt 00:02:04]} 14. dxe6 {[%clk 00:42:45]} {[%emt 00:06:20]} fxe6
{[%clk 01:15:23]} {[%emt 00:00:06]} 15. Rad1 {[%clk 00:42:26]} {[%emt
00:00:49]} d5 {[%clk 01:12:48]} {[%emt 00:03:06]} 16. exd5 {[%clk 00:37:47]}
{[%emt 00:05:08]} exd5 {[%clk 01:12:43]} {[%emt 00:00:35]} 17. Bf2 {[%clk
00:36:23]} {[%emt 00:01:54]} Nf6 {[%clk 01:10:42]} {[%emt 00:02:30]} 18. a5
{[%clk 00:34:05]} {[%emt 00:02:49]} Ng4 {[%clk 00:55:59]} {[%emt 00:15:12]} 19.
axb6 {[%clk 00:34:34]} {[%emt 00:00:02]} Nxf2 {[%clk 00:55:58]} {[%emt
00:00:30]} 20. Rxf2 {[%clk 00:34:56]} {[%emt 00:00:09]} Bg4 {[%clk 00:50:22]}
{[%emt 00:06:06]} 21. Rfd2 {[%clk 00:30:41]} {[%emt 00:04:45]} Bxf3 {[%clk
00:42:37]} {[%emt 00:08:15]} 22. gxf3 {[%clk 00:31:09]} {[%emt 00:00:02]} Rab8
{[%clk 00:38:52]} {[%emt 00:04:14]} 23. Na4 {[%clk 00:26:35]} {[%emt 00:05:05]}
Bh6 {[%clk 00:33:24]} {[%emt 00:05:58]} 24. c3 {[%clk 00:24:52]} {[%emt
00:02:12]} Nc6 {[%clk 00:32:33]} {[%emt 00:01:22]} 25. Bxa6 {[%emt 00:00:42]}
d4 {[%clk 00:31:25]} {[%emt 00:01:35]} 26. Bb5 {[%clk 00:19:24]} {[%emt
00:05:49]} Na5 {[%clk 00:30:41]} {[%emt 00:01:14]} 27. b4 {[%clk 00:18:00]}
{[%emt 00:01:54]} cxb4 {[%clk 00:30:36]} {[%emt 00:00:34]} 28. cxb4 {[%clk
00:18:28]} {[%emt 00:00:02]} Nb7 {[%clk 00:30:44]} {[%emt 00:00:23]} 29. Rxd4
{[%clk 00:18:11]} {[%emt 00:00:47]} Bf8 {[%clk 00:26:30]} {[%emt 00:04:43]} 30.
Rxd8 {[%clk 00:16:46]} {[%emt 00:01:57]} Nxd8 {[%clk 00:26:38]} {[%emt
00:00:20]} 31. Nc5 {[%clk 00:14:15]} {[%emt 00:03:01]} Nb7 {[%clk 00:23:19]}
{[%emt 00:03:49]} 32. Nd7 {[%clk 00:13:24]} {[%emt 00:01:21]} Rd8 {[%clk
00:23:11]} {[%emt 00:00:38]} 33. Bc6 {[%clk 00:12:25]} {[%emt 00:01:29]} Nd6
{[%clk 00:22:55]} {[%emt 00:00:46]} 34. b7 {[%clk 00:12:26]} {[%emt 00:00:29]}
1-0

[Event "DEM U18 2024"]
[Site "Willingen GER"]
[Date "2024.05.25"]
[Round "9"]
[White "Garner, Isaac"]
[Black "Farokhi, Keyvan"]
[Result "1/2-1/2"]
[Termination "normal"]
[Board "4"]
[BlackTitle "FM"]
[WhiteElo "2289"]
[BlackElo "2299"]
[WhiteClock "00:39:27"]
[BlackClock "00:24:18"]
[PlyCount "96"]
[WhiteFideId "16239261"]
[BlackFideId "12998630"]
[EventCountry "GER"]
[EventRounds "9"]
[EventType "swiss"]
[EventDate "2024.05.18"]

1. d4 {[%clk 01:30:56]} {[%emt 00:00:02]} Nf6 {[%clk 01:30:53]} {[%emt
00:00:07]} 2. Bg5 {[%clk 01:31:21]} {[%emt 00:00:05]} d5 {[%clk 01:31:03]}
{[%emt 00:00:21]} 3. Nd2 {[%clk 01:31:47]} {[%emt 00:00:04]} c5 {[%clk
01:30:11]} {[%emt 00:01:21]} 4. dxc5 {[%clk 01:32:12]} {[%emt 00:00:05]} Qa5
{[%clk 01:25:11]} {[%emt 00:05:30]} 5. Ngf3 {[%clk 01:32:26]} {[%emt 00:00:16]}
Nc6 {[%clk 01:16:27]} {[%emt 00:09:13]} 6. e3 {[%clk 01:31:03]} {[%emt
00:01:54]} Bg4 {[%clk 01:12:40]} {[%emt 00:04:16]} 7. a3 {[%clk 01:20:32]}
{[%emt 00:11:02]} Qxc5 {[%clk 01:12:10]} {[%emt 00:01:00]} 8. c4 {[%clk
01:15:04]} {[%emt 00:05:58]} dxc4 {[%clk 01:07:41]} {[%emt 00:04:59]} 9. Bxf6
{[%clk 01:15:30]} {[%emt 00:00:05]} exf6 {[%clk 00:59:54]} {[%emt 00:08:16]}
10. Rc1 {[%clk 01:09:32]} {[%emt 00:06:29]} Be7 {[%clk 00:49:45]} {[%emt
00:10:39]} 11. h3 {[%clk 00:55:59]} {[%emt 00:14:04]} Bxf3 {[%clk 00:46:01]}
{[%emt 00:04:13]} 12. Qxf3 {[%clk 00:56:25]} {[%emt 00:00:04]} O-O {[%clk
00:46:02]} {[%emt 00:00:28]} 13. Bxc4 {[%clk 00:49:55]} {[%emt 00:07:01]} Qb6
{[%clk 00:46:02]} {[%emt 00:00:29]} 14. Rc2 {[%clk 00:49:28]} {[%emt 00:00:57]}
Ne5 {[%clk 00:40:27]} {[%emt 00:06:05]} 15. Qe2 {[%clk 00:49:27]} {[%emt
00:00:31]} Rac8 {[%clk 00:40:21]} {[%emt 00:00:35]} 16. O-O {[%clk 00:48:52]}
{[%emt 00:01:06]} Nxc4 {[%clk 00:40:45]} {[%emt 00:00:06]} 17. Nxc4 {[%clk
00:48:19]} {[%emt 00:01:04]} Qa6 {[%clk 00:41:04]} {[%emt 00:00:10]} 18. Rfc1
{[%clk 00:46:46]} {[%emt 00:02:03]} Rc7 {[%clk 00:34:17]} {[%emt 00:07:16]} 19.
Kf1 {[%clk 00:44:55]} {[%emt 00:02:22]} Rfc8 {[%clk 00:34:26]} {[%emt
00:00:20]} 20. e4 {[%clk 00:45:17]} {[%emt 00:00:10]} g6 {[%clk 00:20:45]}
{[%emt 00:14:10]} 21. Ne3 {[%clk 00:40:42]} {[%emt 00:05:05]} Rxc2 {[%clk
00:21:04]} {[%emt 00:00:10]} 22. Rxc2 {[%clk 00:41:08]} {[%emt 00:00:05]} Rxc2
{[%clk 00:21:29]} {[%emt 00:00:05]} 23. Nxc2 {[%clk 00:41:35]} {[%emt
00:00:03]} Qb6 {[%clk 00:21:52]} {[%emt 00:00:07]} 24. Ne3 {[%clk 00:40:42]}
{[%emt 00:01:24]} Qd4 {[%clk 00:22:01]} {[%emt 00:00:20]} 25. Qc2 {[%clk
00:37:41]} {[%emt 00:03:31]} Kg7 {[%clk 00:21:16]} {[%emt 00:01:14]} 26. Ke2
{[%clk 00:36:02]} {[%emt 00:02:10]} Bd6 {[%clk 00:20:20]} {[%emt 00:01:25]} 27.
Qd2 {[%clk 00:33:16]} {[%emt 00:03:17]} Qe5 {[%clk 00:20:15]} {[%emt 00:00:33]}
28. a4 {[%clk 00:29:47]} {[%emt 00:04:01]} Bc5 {[%clk 00:15:48]} {[%emt
00:04:56]} 29. Qc2 {[%clk 00:30:03]} {[%emt 00:00:15]} b6 {[%clk 00:14:28]}
{[%emt 00:01:50]} 30. Ng4 {[%clk 00:25:55]} {[%emt 00:04:38]} Qf4 {[%clk
00:13:30]} {[%emt 00:01:27]} 31. g3 {[%clk 00:24:40]} {[%emt 00:01:46]} Qd6
{[%clk 00:09:47]} {[%emt 00:04:12]} 32. Qd2 {[%clk 00:22:23]} {[%emt 00:02:49]}
Qe6 {[%clk 00:09:48]} {[%emt 00:00:26]} 33. Qd5 {[%clk 00:18:48]} {[%emt
00:04:07]} Qxd5 {[%clk 00:03:29]} {[%emt 00:06:50]} 34. exd5 {[%clk 00:19:14]}
{[%emt 00:00:04]} Bd4 {[%clk 00:03:54]} {[%emt 00:00:04]} 35. b3 {[%clk
00:18:42]} {[%emt 00:01:03]} f5 {[%clk 00:04:18]} {[%emt 00:00:05]} 36. Ne3
{[%clk 00:16:38]} {[%emt 00:02:34]} Kf6 {[%clk 00:04:44]} {[%emt 00:00:04]} 37.
Nc4 {[%clk 00:16:03]} {[%emt 00:01:06]} Ke7 {[%clk 00:04:51]} {[%emt 00:00:22]}
38. b4 {[%clk 00:15:53]} {[%emt 00:00:41]} f6 {[%clk 00:04:21]} {[%emt
00:00:59]} 39. b5 {[%clk 00:15:59]} {[%emt 00:00:25]} h5 {[%clk 00:04:21]}
{[%emt 00:00:29]} 40. Kf1 {[%clk 00:12:34]} {[%emt 00:03:55]} Kd7 {[%clk
00:04:13]} {[%emt 00:00:38]} 41. Ke2 {[%clk 00:12:15]} {[%emt 00:00:49]} Be5
{[%clk 00:03:11]} {[%emt 00:01:32]} 42. Kf3 {[%clk 00:08:43]} {[%emt 00:04:02]}
Ke7 {[%clk 00:01:50]} {[%emt 00:01:49]} 43. Ke3 {[%clk 00:08:29]} {[%emt
00:00:46]} g5 {[%clk 00:01:18]} {[%emt 00:01:01]} 44. Kf3 {[%clk 00:07:57]}
{[%emt 00:01:04]} g4+ {[%clk 00:25:50]} {[%emt 00:05:58]} 45. hxg4 {[%clk
00:38:22]} {[%emt 00:00:05]} hxg4+ {[%clk 00:25:52]} {[%emt 00:00:27]} 46. Ke3
{[%clk 00:38:46]} {[%emt 00:00:06]} Kd7 {[%clk 00:24:09]} {[%emt 00:02:13]} 47.
f4 {[%clk 00:39:00]} {[%emt 00:00:16]} Bc3 {[%clk 00:24:02]} {[%emt 00:00:37]}
48. Kf2 {[%clk 00:39:27]} {[%emt 00:00:04]} Bd4+ {[%clk 00:24:18]} {[%emt
00:00:13]} 1/2-1/2

[Event "DEM U18 2024"]
[Site "Willingen GER"]
[Date "2024.05.25"]
[Round "9"]
[White "Bui, Bao Anh Le"]
[Black "Haack, Kevin"]
[Result "0-1"]
[Termination "normal"]
[Board "5"]
[BlackTitle "FM"]
[WhiteElo "2150"]
[BlackElo "2286"]
[WhiteClock "00:26:21"]
[BlackClock "00:31:01"]
[PlyCount "86"]
[WhiteFideId "12970719"]
[BlackFideId "16228715"]
[EventCountry "GER"]
[EventRounds "9"]
[EventType "swiss"]
[EventDate "2024.05.18"]

1. e4 {[%clk 01:29:33]} {[%emt 00:01:25]} e6 {[%clk 01:30:45]} {[%emt
00:00:16]} 2. d4 {[%clk 01:27:45]} {[%emt 00:02:18]} d5 {[%clk 01:30:53]}
{[%emt 00:00:22]} 3. e5 {[%clk 01:26:06]} {[%emt 00:02:08]} c5 {[%clk
01:30:26]} {[%emt 00:00:58]} 4. c3 {[%clk 01:25:56]} {[%emt 00:00:39]} Qb6
{[%clk 01:30:42]} {[%emt 00:00:15]} 5. Nf3 {[%clk 01:25:05]} {[%emt 00:01:20]}
Bd7 {[%clk 01:31:06]} {[%emt 00:00:07]} 6. Be2 {[%clk 01:08:07]} {[%emt
00:17:28]} Bb5 {[%clk 01:31:27]} {[%emt 00:00:09]} 7. Bxb5+ {[%clk 01:02:11]}
{[%emt 00:06:26]} Qxb5 {[%clk 01:31:50]} {[%emt 00:00:07]} 8. Na3 {[%clk
01:02:04]} {[%emt 00:00:37]} Qb6 {[%clk 01:24:44]} {[%emt 00:07:36]} 9. O-O
{[%clk 00:59:07]} {[%emt 00:03:27]} cxd4 {[%clk 01:23:16]} {[%emt 00:01:59]}
10. cxd4 {[%clk 00:54:23]} {[%emt 00:05:13]} Nc6 {[%clk 01:21:04]} {[%emt
00:02:42]} 11. Nc2 {[%clk 00:51:57]} {[%emt 00:02:56]} Nge7 {[%clk 01:19:16]}
{[%emt 00:02:18]} 12. b3 {[%clk 00:47:56]} {[%emt 00:04:31]} a5 {[%clk
01:08:05]} {[%emt 00:11:42]} 13. Qd2 {[%clk 00:41:19]} {[%emt 00:07:06]} Nc8
{[%clk 01:01:32]} {[%emt 00:07:03]} 14. Qf4 {[%clk 00:35:49]} {[%emt 00:05:59]}
h6 {[%clk 00:54:18]} {[%emt 00:07:45]} 15. h4 {[%clk 00:32:57]} {[%emt
00:03:22]} a4 {[%clk 00:54:30]} {[%emt 00:00:18]} 16. Rb1 {[%clk 00:22:53]}
{[%emt 00:10:34]} axb3 {[%clk 00:50:47]} {[%emt 00:04:13]} 17. Rxb3 {[%clk
00:21:54]} {[%emt 00:01:29]} Qc7 {[%clk 00:50:11]} {[%emt 00:01:07]} 18. Na3
{[%clk 00:08:47]} {[%emt 00:13:37]} Na5 {[%clk 00:47:09]} {[%emt 00:03:32]} 19.
Nb5 {[%clk 00:08:56]} {[%emt 00:00:21]} Qd7 {[%clk 00:44:32]} {[%emt 00:03:07]}
20. Rb1 {[%clk 00:09:05]} {[%emt 00:00:20]} Nc4 {[%clk 00:43:44]} {[%emt
00:01:18]} 21. Nc3 {[%clk 00:06:58]} {[%emt 00:02:37]} Na7 {[%clk 00:39:04]}
{[%emt 00:05:09]} 22. Nd2 {[%clk 00:04:05]} {[%emt 00:03:23]} b5 {[%clk
00:36:14]} {[%emt 00:03:21]} 23. Nxc4 {[%clk 00:01:40]} {[%emt 00:02:55]} bxc4
{[%clk 00:35:50]} {[%emt 00:00:54]} 24. Bd2 {[%clk 00:01:45]} {[%emt 00:00:25]}
Nc6 {[%clk 00:33:18]} {[%emt 00:03:03]} 25. Rb6 {[%clk 00:01:59]} {[%emt
00:00:15]} Bb4 {[%clk 00:29:28]} {[%emt 00:04:20]} 26. Rb1 {[%clk 00:00:42]}
{[%emt 00:01:46]} Bxc3 {[%clk 00:27:27]} {[%emt 00:02:32]} 27. Bxc3 {[%clk
00:01:08]} {[%emt 00:00:05]} O-O {[%clk 00:27:48]} {[%emt 00:00:09]} 28. Qd2
{[%clk 00:01:22]} {[%emt 00:00:16]} Ra7 {[%clk 00:24:06]} {[%emt 00:04:12]} 29.
Bb4 {[%clk 00:00:46]} {[%emt 00:01:05]} Rfa8 {[%clk 00:23:30]} {[%emt
00:01:07]} 30. Rb2 {[%clk 00:01:00]} {[%emt 00:00:15]} Qc8 {[%clk 00:20:01]}
{[%emt 00:03:59]} 31. Bc3 {[%clk 00:00:47]} {[%emt 00:00:43]} Qc7 {[%clk
00:16:13]} {[%emt 00:04:18]} 32. R6b5 {[%clk 00:00:45]} {[%emt 00:00:32]} Ra3
{[%clk 00:15:09]} {[%emt 00:01:34]} 33. Rb7 {[%clk 00:00:40]} {[%emt 00:00:35]}
Qc8 {[%clk 00:14:51]} {[%emt 00:00:48]} 34. Qc2 {[%clk 00:00:45]} {[%emt
00:00:25]} Rxa2 {[%clk 00:12:46]} {[%emt 00:02:35]} 35. R7b6 {[%clk 00:00:45]}
{[%emt 00:00:31]} R2a6 {[%clk 00:10:14]} {[%emt 00:03:01]} 36. Rb7 {[%clk
00:00:42]} {[%emt 00:00:33]} R8a7 {[%clk 00:09:08]} {[%emt 00:01:36]} 37. R7b5
{[%clk 00:01:01]} {[%emt 00:00:11]} Qa8 {[%clk 00:08:33]} {[%emt 00:01:05]} 38.
g3 {[%clk 00:00:55]} {[%emt 00:00:36]} Ra2 {[%clk 00:07:29]} {[%emt 00:01:33]}
39. Rb6 {[%clk 00:00:48]} {[%emt 00:00:38]} Rxb2 {[%clk 00:04:37]} {[%emt
00:03:23]} 40. Qxb2 {[%clk 00:01:09]} {[%emt 00:00:07]} Ra6 {[%clk 00:04:29]}
{[%emt 00:00:39]} 41. Rb7 {[%clk 00:28:19]} {[%emt 00:03:20]} Ra3 {[%clk
00:33:28]} {[%emt 00:01:30]} 42. h5 {[%clk 00:26:03]} {[%emt 00:02:46]} Rxc3
{[%clk 00:31:41]} {[%emt 00:02:18]} 43. Qb5 {[%clk 00:26:21]} {[%emt 00:00:12]}
Rb3 {[%clk 00:31:01]} {[%emt 00:01:09]} 0-1